[Event "DVM U20w 2019"]
[Site "Braunschweig GER"]
[Date "2019.12.29"]
[Round "5"]
[White "Jacoby, Angelina"]
[Black "Brunner, Sophia"]
[Result "1/2-1/2"]
[Termination "normal"]
[Board "6.1"]
[WhiteElo "1635"]
[BlackElo "1852"]
[WhiteClock "00:25:13"]
[BlackClock "00:27:07"]
[WhiteTeam "Leegebrucher Schachfreunde"]
[BlackTeam "SK Nordhorn-Blanke"]
[PlyCount "83"]
[WhiteFideId "12999008"]
[BlackFideId "12960683"]
[EventCountry "GER"]
[EventRounds "7"]
[EventType "team-swiss"]
[EventDate "2019.12.26"]

1. e4 {[%clk 1:30:22]} d5 {[%clk 1:29:44]} 2. exd5 {[%clk 1:30:45]} Qxd5 {[%clk
1:29:53]} 3. Nc3 {[%clk 1:31:08]} Qa5 {[%clk 1:29:44]} 4. d4 {[%clk 1:31:22]}
Nf6 {[%clk 1:29:52]} 5. Nf3 {[%clk 1:31:38]} c6 {[%clk 1:25:59]} 6. Bd2 {[%clk
1:23:27]} Qc7 {[%clk 1:05:03]} 7. Bd3 {[%clk 1:18:47]} Bg4 {[%clk 1:04:29]} 8.
h3 {[%clk 1:19:04]} Bh5 {[%clk 1:02:43]} 9. g4 {[%clk 1:15:39]} Bg6 {[%clk
1:02:55]} 10. Qe2 {[%clk 1:13:21]} Bxd3 {[%clk 1:00:25]} 11. Qxd3 {[%clk
1:13:38]} e6 {[%clk 1:00:17]} 12. O-O-O {[%clk 1:10:43]} Nbd7 {[%clk 0:59:13]}
13. Rhe1 {[%clk 1:07:21]} O-O-O {[%clk 0:57:41]} 14. Bg5 {[%clk 1:05:13]} h6
{[%clk 0:55:40]} 15. Bh4 {[%clk 1:04:32]} g5 {[%clk 0:43:00]} 16. Bg3 {[%clk
1:04:38]} Bd6 {[%clk 0:42:53]} 17. Bxd6 {[%clk 0:52:38]} Qxd6 {[%clk 0:43:13]}
18. Ne4 {[%clk 0:47:02]} Nxe4 {[%clk 0:28:08]} 19. Qxe4 {[%clk 0:47:17]} Qd5
{[%clk 0:27:41]} 20. Qxd5 {[%clk 0:45:30]} cxd5 {[%clk 0:26:52]} 21. Ne5 {[%clk
0:35:49]} Nxe5 {[%clk 0:26:41]} 22. Rxe5 {[%clk 0:28:15]} Kd7 {[%clk 0:25:32]}
23. Rde1 {[%clk 0:28:16]} Rde8 {[%clk 0:23:28]} 24. Kd2 {[%clk 0:24:35]} Kd6
{[%clk 0:22:34]} 25. R5e3 {[%clk 0:16:36]} b6 {[%clk 0:13:04]} 26. Rf3 {[%clk
0:09:21]} Ke7 {[%clk 0:11:31]} 27. Rfe3 {[%clk 0:09:11]} Kd6 {[%clk 0:11:25]}
28. Rf3 {[%clk 0:07:23]} Ke7 {[%clk 0:11:48]} 29. Ra3 {[%clk 0:06:23]} Ra8
{[%clk 0:11:39]} 30. Rae3 {[%clk 0:05:19]} Kd6 {[%clk 0:04:54]} 31. Rf3 {[%clk
0:00:47]} Ke7 {[%clk 0:05:04]} 32. Rfe3 {[%clk 0:00:55]} Kd6 {[%clk 0:04:36]}
33. Re5 {[%clk 0:00:48]} Rae8 {[%clk 0:04:32]} 34. R5e3 {[%clk 0:00:53]} f6
{[%clk 0:04:06]} 35. f3 {[%clk 0:00:48]} Rh7 {[%clk 0:03:15]} 36. R1e2 {[%clk
0:00:42]} e5 {[%clk 0:01:58]} 37. Kd3 {[%clk 0:00:40]} Rhe7 {[%clk 0:01:54]}
38. c3 {[%clk 0:00:35]} Re6 {[%clk 0:01:42]} 39. Re1 {[%clk 0:00:50]} R8e7
{[%clk 0:01:35]} 40. R1e2 {[%clk 0:01:08]} Re8 {[%clk 0:01:04]} 41. Re1 {[%clk
0:00:49]} R8e7 {[%clk 0:27:07]} 42. R1e2 {[%clk 0:25:13]} 1/2-1/2

[Event "DVM U20w 2019"]
[Site "Braunschweig GER"]
[Date "2019.12.29"]
[Round "5"]
[White "Fock, Amina"]
[Black "Schiewe, Nadin"]
[Result "1-0"]
[Termination "normal"]
[Board "6.2"]
[WhiteElo "1807"]
[BlackElo "1629"]
[WhiteClock "00:47:29"]
[BlackClock "00:40:21"]
[WhiteTeam "SK Nordhorn-Blanke"]
[BlackTeam "Leegebrucher Schachfreunde"]
[PlyCount "51"]
[WhiteFideId "12981982"]
[BlackFideId "16209079"]
[EventCountry "GER"]
[EventRounds "7"]
[EventType "team-swiss"]
[EventDate "2019.12.26"]

1. e4 {[%clk 1:30:58]} e5 {[%clk 1:30:52]} 2. Nf3 {[%clk 1:31:23]} Nf6 {[%clk
1:31:10]} 3. Nxe5 {[%clk 1:31:37]} d6 {[%clk 1:31:27]} 4. Nf3 {[%clk 1:31:59]}
Nxe4 {[%clk 1:31:42]} 5. Nc3 {[%clk 1:32:22]} Nf6 {[%clk 1:31:05]} 6. d4 {[%clk
1:28:12]} d5 {[%clk 1:29:46]} 7. Bd3 {[%clk 1:26:33]} c6 {[%clk 1:27:04]} 8.
Bf4 {[%clk 1:25:24]} Bd6 {[%clk 1:25:22]} 9. Qe2+ {[%clk 1:23:20]} Be7 {[%clk
1:21:10]} 10. Be5 {[%clk 1:16:49]} O-O {[%clk 1:18:23]} 11. h3 {[%clk 1:14:48]}
Re8 {[%clk 1:16:16]} 12. Nd1 {[%clk 1:11:40]} Nfd7 {[%clk 1:06:49]} 13. Ne3
{[%clk 1:09:14]} Nxe5 {[%clk 1:03:04]} 14. Nxe5 {[%clk 1:09:11]} Be6 {[%clk
1:02:52]} 15. O-O {[%clk 1:04:57]} Nd7 {[%clk 1:01:28]} 16. f4 {[%clk 1:00:54]}
Bd6 {[%clk 0:58:47]} 17. f5 {[%clk 0:55:04]} Nxe5 {[%clk 0:55:17]} 18. dxe5
{[%clk 0:53:40]} Bxf5 {[%clk 0:51:16]} 19. Nxf5 {[%clk 0:51:40]} Bxe5 {[%clk
0:50:08]} 20. Qh5 {[%clk 0:48:58]} f6 {[%clk 0:44:43]} 21. Nxg7 {[%clk
0:45:51]} Kxg7 {[%clk 0:40:23]} 22. Qxh7+ {[%clk 0:46:15]} Kf8 {[%clk 0:40:43]}
23. Bg6 {[%clk 0:46:38]} Qc7 {[%clk 0:40:31]} 24. Rxf6+ {[%clk 0:47:01]} Bxf6
{[%clk 0:40:03]} 25. Qxc7 {[%clk 0:47:24]} Bd4+ {[%clk 0:40:21]} 26. Kh1 {[%clk
0:47:29]} 1-0

[Event "DVM U20w 2019"]
[Site "Braunschweig GER"]
[Date "2019.12.29"]
[Round "5"]
[White "Hallfarth, Luise"]
[Black "Sauer, Annika"]
[Result "0-1"]
[Termination "normal"]
[Board "6.4"]
[WhiteElo "1517"]
[BlackElo "1569"]
[WhiteClock "01:10:31"]
[BlackClock "00:10:56"]
[WhiteTeam "SK Nordhorn-Blanke"]
[BlackTeam "Leegebrucher Schachfreunde"]
[PlyCount "86"]
[WhiteFideId "16250222"]
[BlackFideId "12952052"]
[EventCountry "GER"]
[EventRounds "7"]
[EventType "team-swiss"]
[EventDate "2019.12.26"]

1. e4 {[%clk 1:30:56]} d5 {[%clk 1:30:50]} 2. exd5 {[%clk 1:31:19]} Qxd5 {[%clk
1:31:16]} 3. Nc3 {[%clk 1:31:41]} Qa5 {[%clk 1:31:13]} 4. d4 {[%clk 1:31:38]}
c6 {[%clk 1:31:03]} 5. Nf3 {[%clk 1:31:35]} Nf6 {[%clk 1:30:18]} 6. Bf4 {[%clk
1:30:06]} Bg4 {[%clk 1:27:08]} 7. Be2 {[%clk 1:26:59]} e6 {[%clk 1:19:50]} 8.
a3 {[%clk 1:26:13]} Nd5 {[%clk 1:14:49]} 9. Bd2 {[%clk 1:24:54]} Nxc3 {[%clk
1:12:50]} 10. Bxc3 {[%clk 1:25:05]} Qc7 {[%clk 1:13:10]} 11. O-O {[%clk
1:24:52]} Bd6 {[%clk 1:13:17]} 12. h3 {[%clk 1:24:23]} Bf5 {[%clk 1:13:33]} 13.
Bd3 {[%clk 1:23:12]} Bxd3 {[%clk 1:12:17]} 14. Qxd3 {[%clk 1:23:08]} Nd7 {[%clk
1:02:38]} 15. Rfe1 {[%clk 1:22:31]} O-O-O {[%clk 0:46:03]} 16. b4 {[%clk
1:21:57]} Rde8 {[%clk 0:43:24]} 17. b5 {[%clk 1:21:15]} cxb5 {[%clk 0:43:11]}
18. Bd2 {[%clk 1:20:18]} Qc4 {[%clk 0:30:47]} 19. Qb3 {[%clk 1:17:50]} f6
{[%clk 0:22:49]} 20. a4 {[%clk 1:17:37]} Qxb3 {[%clk 0:23:06]} 21. cxb3 {[%clk
1:17:48]} b4 {[%clk 0:21:57]} 22. a5 {[%clk 1:17:06]} e5 {[%clk 0:19:23]} 23.
a6 {[%clk 1:16:28]} exd4 {[%clk 0:17:16]} 24. Rec1+ {[%clk 1:15:49]} Kb8 {[%clk
0:17:37]} 25. Nxd4 {[%clk 1:15:42]} Be5 {[%clk 0:17:23]} 26. Be3 {[%clk
1:15:13]} Nb6 {[%clk 0:17:14]} 27. axb7 {[%clk 1:15:01]} Kxb7 {[%clk 0:16:50]}
28. Ra2 {[%clk 1:14:43]} Rc8 {[%clk 0:16:14]} 29. Rca1 {[%clk 1:14:13]} Ra8
{[%clk 0:15:28]} 30. f4 {[%clk 1:14:24]} Bxd4 {[%clk 0:13:32]} 31. Bxd4 {[%clk
1:14:41]} Rhd8 {[%clk 0:13:34]} 32. Bc5 {[%clk 1:13:44]} Rd3 {[%clk 0:13:01]}
33. Rb2 {[%clk 1:12:23]} Nd5 {[%clk 0:12:51]} 34. Ra4 {[%clk 1:12:16]} a5
{[%clk 0:12:40]} 35. Rba2 {[%clk 1:11:02]} Nc3 {[%clk 0:12:54]} 36. Kf2 {[%clk
1:08:55]} Nxa2 {[%clk 0:13:08]} 37. Rxa2 {[%clk 1:09:18]} Rxb3 {[%clk 0:13:31]}
38. Rd2 {[%clk 1:09:18]} Rc8 {[%clk 0:13:14]} 39. Be3 {[%clk 1:09:43]} Rcc3
{[%clk 0:12:48]} 40. Bd4 {[%clk 1:09:43]} Rd3 {[%clk 0:13:09]} 41. Rxd3 {[%clk
1:09:54]} Rxd3 {[%clk 0:11:24]} 42. Be3 {[%clk 1:10:09]} b3 {[%clk 0:10:35]}
43. Ke2 {[%clk 1:10:31]} b2 {[%clk 0:10:56]} 0-1

[Event "DVM U20w 2019"]
[Site "Braunschweig GER"]
[Date "2019.12.29"]
[Round "5"]
[White "Adelhardt, Lisa"]
[Black "Kiesel, Lara"]
[Result "0-1"]
[Termination "normal"]
[Board "7.1"]
[WhiteElo "1418"]
[BlackElo "1732"]
[WhiteClock "00:00:34"]
[BlackClock "00:19:41"]
[WhiteTeam "SC Erlangen 48/88"]
[BlackTeam "SK Lehrte"]
[PlyCount "58"]
[WhiteFideId "16235380"]
[BlackFideId "12973785"]
[EventCountry "GER"]
[EventRounds "7"]
[EventType "team-swiss"]
[EventDate "2019.12.26"]

1. e4 {[%clk 1:30:56]} e6 {[%clk 1:30:56]} 2. d4 {[%clk 1:31:22]} d5 {[%clk
1:31:22]} 3. e5 {[%clk 1:31:47]} c5 {[%clk 1:31:47]} 4. c3 {[%clk 1:32:11]} Nc6
{[%clk 1:32:12]} 5. Nf3 {[%clk 1:32:36]} Qb6 {[%clk 1:32:36]} 6. Be2 {[%clk
1:30:34]} f6 {[%clk 1:33:00]} 7. O-O {[%clk 1:26:13]} fxe5 {[%clk 1:27:39]} 8.
dxe5 {[%clk 1:20:14]} g6 {[%clk 1:27:39]} 9. Re1 {[%clk 1:17:29]} Bg7 {[%clk
1:26:53]} 10. Bd3 {[%clk 1:14:27]} Nge7 {[%clk 1:24:45]} 11. Nbd2 {[%clk
1:07:45]} O-O {[%clk 1:24:22]} 12. Bc2 {[%clk 1:05:22]} Qc7 {[%clk 1:21:40]}
13. Qe2 {[%clk 1:02:37]} Bd7 {[%clk 1:17:39]} 14. Nb3 {[%clk 0:53:03]} b6
{[%clk 1:17:37]} 15. a4 {[%clk 0:49:51]} Nf5 {[%clk 1:10:26]} 16. a5 {[%clk
0:39:38]} Rae8 {[%clk 1:08:50]} 17. axb6 {[%clk 0:29:04]} axb6 {[%clk 1:09:10]}
18. Kh1 {[%clk 0:28:07]} Nh6 {[%clk 1:04:47]} 19. h3 {[%clk 0:27:06]} Nf5
{[%clk 1:00:19]} 20. Ra6 {[%clk 0:22:25]} c4 {[%clk 0:56:18]} 21. Na1 {[%clk
0:18:06]} Na5 {[%clk 0:29:50]} 22. Be3 {[%clk 0:12:11]} Nxe3 {[%clk 0:27:21]}
23. Qxe3 {[%clk 0:11:51]} Rb8 {[%clk 0:27:28]} 24. b4 {[%clk 0:05:49]} Bc8
{[%clk 0:25:03]} 25. bxa5 {[%clk 0:04:07]} Bxa6 {[%clk 0:25:11]} 26. Nd4 {[%clk
0:04:02]} Bc8 {[%clk 0:20:41]} 27. axb6 {[%clk 0:00:46]} Rxb6 {[%clk 0:19:28]}
28. Kg1 {[%clk 0:00:35]} Bd7 {[%clk 0:19:36]} 29. Kf1 {[%clk 0:00:34]} Ra8
{[%clk 0:19:41]} 0-1

[Event "DVM U20w 2019"]
[Site "Braunschweig GER"]
[Date "2019.12.29"]
[Round "5"]
[White "Margaryan, Venera"]
[Black "Krause, Ricarda Sophie"]
[Result "0-1"]
[Termination "normal"]
[Board "7.2"]
[WhiteElo "1383"]
[BlackElo "1491"]
[WhiteClock "00:29:12"]
[BlackClock "00:15:27"]
[WhiteTeam "SK Lehrte"]
[BlackTeam "SC Erlangen 48/88"]
[PlyCount "60"]
[WhiteFideId "16266226"]
[BlackFideId "16282930"]
[EventCountry "GER"]
[EventRounds "7"]
[EventType "team-swiss"]
[EventDate "2019.12.26"]

1. d4 {[%clk 1:30:58]} d5 {[%clk 1:30:53]} 2. c4 {[%clk 1:31:20]} e6 {[%clk
1:31:15]} 3. Nc3 {[%clk 1:31:42]} c5 {[%clk 1:30:56]} 4. Nf3 {[%clk 1:31:08]}
Nf6 {[%clk 1:26:47]} 5. Bg5 {[%clk 1:30:45]} cxd4 {[%clk 1:20:53]} 6. Nxd4
{[%clk 1:27:27]} Be7 {[%clk 1:19:05]} 7. cxd5 {[%clk 1:26:23]} Nxd5 {[%clk
1:13:13]} 8. Bxe7 {[%clk 1:22:27]} Qxe7 {[%clk 1:11:29]} 9. Nxd5 {[%clk
1:20:55]} exd5 {[%clk 1:09:56]} 10. Rc1 {[%clk 1:19:49]} Qb4+ {[%clk 1:06:51]}
11. Qd2 {[%clk 1:19:30]} Qxd2+ {[%clk 1:06:31]} 12. Kxd2 {[%clk 1:19:54]} O-O
{[%clk 1:06:25]} 13. Nb5 {[%clk 1:18:16]} Na6 {[%clk 1:03:23]} 14. g3 {[%clk
1:14:31]} Bd7 {[%clk 0:58:23]} 15. Nd6 {[%clk 1:09:10]} Bc6 {[%clk 0:55:05]}
16. Bg2 {[%clk 1:05:44]} Rfd8 {[%clk 0:48:56]} 17. Nf5 Bd7 18. Ne3 {[%clk
1:02:33]} Be6 {[%clk 0:39:25]} 19. a3 {[%clk 1:02:00]} Rab8 {[%clk 0:30:13]}
20. Rhd1 {[%clk 1:00:20]} d4 {[%clk 0:24:30]} 21. Nc2 {[%clk 0:59:06]} Nc5
{[%clk 0:20:10]} 22. Ke1 {[%clk 0:50:22]} Nb3 {[%clk 0:18:54]} 23. Rb1 {[%clk
0:46:40]} Bf5 {[%clk 0:17:27]} 24. e4 {[%clk 0:35:30]} dxe3 {[%clk 0:16:34]}
25. Rxd8+ {[%clk 0:35:41]} Rxd8 {[%clk 0:16:52]} 26. Rd1 {[%clk 0:35:36]} exf2+
{[%clk 0:15:32]} 27. Ke2 {[%clk 0:34:32]} Bg4+ {[%clk 0:15:47]} 28. Bf3 {[%clk
0:30:40]} Bxf3+ {[%clk 0:15:52]} 29. Kxf3 {[%clk 0:28:53]} Rxd1 {[%clk
0:15:27]} 30. Kxf2 {[%clk 0:29:12]} Rd5 0-1

[Event "DVM U20w 2019"]
[Site "Braunschweig GER"]
[Date "2019.12.29"]
[Round "5"]
[White "Strobel, Miriam"]
[Black "Thiele, Lea-Marie"]
[Result "1-0"]
[Termination "normal"]
[Board "7.3"]
[WhiteElo "1299"]
[BlackElo "1061"]
[WhiteClock "00:18:56"]
[BlackClock "00:43:53"]
[WhiteTeam "SC Erlangen 48/88"]
[BlackTeam "SK Lehrte"]
[PlyCount "93"]
[WhiteFideId "16217225"]
[BlackFideId "16298616"]
[EventCountry "GER"]
[EventRounds "7"]
[EventType "team-swiss"]
[EventDate "2019.12.26"]

1. e4 {[%clk 1:30:58]} e6 {[%clk 1:30:52]} 2. d4 {[%clk 1:31:19]} d5 {[%clk
1:31:14]} 3. e5 {[%clk 1:31:41]} c5 {[%clk 1:31:15]} 4. c3 {[%clk 1:32:00]} Nc6
{[%clk 1:31:36]} 5. Nf3 {[%clk 1:32:24]} Qb6 {[%clk 1:31:24]} 6. Be2 {[%clk
1:31:54]} cxd4 {[%clk 1:31:32]} 7. cxd4 {[%clk 1:32:07]} Nh6 {[%clk 1:31:52]}
8. Nc3 {[%clk 1:29:43]} Nf5 {[%clk 1:31:21]} 9. Be3 {[%clk 1:28:09]} Qxb2
{[%clk 1:25:44]} 10. Rc1 {[%clk 1:16:45]} Bb4 {[%clk 1:25:46]} 11. Rc2 {[%clk
1:13:31]} Bxc3+ {[%clk 1:25:39]} 12. Bd2 {[%clk 1:12:27]} Bxd2+ {[%clk
1:25:56]} 13. Qxd2 {[%clk 1:12:34]} Qb4 {[%clk 1:24:44]} 14. Rc3 {[%clk
1:04:58]} Nfxd4 {[%clk 1:24:29]} 15. a3 {[%clk 1:05:07]} Nxf3+ {[%clk 1:24:24]}
16. Bxf3 {[%clk 1:05:10]} Qb6 {[%clk 1:23:37]} 17. Qg5 {[%clk 0:48:50]} Qd4
{[%clk 1:22:51]} 18. Re3 {[%clk 0:48:55]} Bd7 {[%clk 1:21:32]} 19. O-O {[%clk
0:48:36]} h6 {[%clk 1:21:50]} 20. Qxg7 {[%clk 0:43:55]} O-O-O {[%clk 1:21:07]}
21. Rc1 {[%clk 0:40:13]} Rdg8 {[%clk 1:21:13]} 22. Qxf7 {[%clk 0:38:41]} Kb8
{[%clk 1:17:42]} 23. Qxd7 {[%clk 0:37:08]} Rc8 {[%clk 1:09:15]} 24. Qd6+ Ka8
{[%clk 1:09:25]} 25. Qxe6 {[%clk 0:30:22]} Ne7 {[%clk 1:09:18]} 26. Ree1 {[%clk
0:27:27]} Qd2 {[%clk 1:07:41]} 27. Rb1 {[%clk 0:22:27]} Rc2 {[%clk 1:04:41]}
28. Rf1 {[%clk 0:22:30]} Re8 {[%clk 1:02:54]} 29. Qd7 {[%clk 0:22:23]} Rb8
{[%clk 1:02:34]} 30. Qxe7 {[%clk 0:22:30]} Qa5 {[%clk 0:51:23]} 31. e6 {[%clk
0:20:30]} Rc7 {[%clk 0:50:43]} 32. Qf6 {[%clk 0:19:29]} Rh7 {[%clk 0:48:59]}
33. Rfe1 {[%clk 0:19:08]} Re8 {[%clk 0:47:19]} 34. Bh5 {[%clk 0:17:54]} Qxa3
{[%clk 0:43:01]} 35. Bxe8 {[%clk 0:18:12]} Re7 {[%clk 0:43:04]} 36. Bd7 {[%clk
0:18:18]} a6 {[%clk 0:43:01]} 37. Qf8+ {[%clk 0:18:21]} Ka7 {[%clk 0:43:19]}
38. Qd8 {[%clk 0:18:35]} Qd6 {[%clk 0:42:57]} 39. Rec1 {[%clk 0:18:05]} Qb8
{[%clk 0:42:48]} 40. Qxe7 {[%clk 0:18:22]} d4 {[%clk 0:43:00]} 41. Rc8 {[%clk
0:18:41]} Qe5 {[%clk 0:43:05]} 42. Qb4 {[%clk 0:18:38]} b5 {[%clk 0:42:21]} 43.
Bxb5 {[%clk 0:18:23]} axb5 {[%clk 0:42:45]} 44. Qxb5 {[%clk 0:18:09]} Qxb5
{[%clk 0:43:08]} 45. Rxb5 {[%clk 0:18:34]} d3 {[%clk 0:43:32]} 46. Rb1 {[%clk
0:18:56]} d2 {[%clk 0:43:53]} 47. Rc2 1-0

[Event "DVM U20w 2019"]
[Site "Braunschweig GER"]
[Date "2019.12.29"]
[Round "5"]
[White "Rempe, Janne"]
[Black "Biermann, Sophie"]
[Result "0-1"]
[Termination "normal"]
[Board "8.1"]
[WhiteElo "1559"]
[BlackElo "1645"]
[WhiteTeam "SK Doppelbauer Kiel"]
[BlackTeam "SG Trier"]
[WhiteFideId "16202392"]
[BlackFideId "16208960"]
[EventCountry "GER"]
[EventRounds "7"]
[EventType "team-swiss"]
[EventDate "2019.12.26"]

1. d4 d5 2. Nf3 Nf6 3. Bf4 c6 4. e3 Bf5 5. c3 e6 6. Nbd2 Nbd7 7. Be2 Be7 8. h3
c5 9. g4 Bg6 10. Nf1 cxd4 11. exd4 Ne4 12. h4 h5 13. g5 Qb6 14. Qc1 Bd6 15. Ne5
Bxe5 16. Bxe5 Nxe5 17. f3 Nxf3+ 18. Bxf3 e5 19. Ne3 exd4 20. Nxd5 Qd6 21. Qf4
Qxd5 22. O-O-O Qd6 23. Qxd6 Nxd6 24. Rxd4 O-O-O 25. Rhd1 Nf5 26. Rc4+ Kb8 27.
Rb4 Rxd1+ 28. Kxd1 Rd8+ 29. Kc1 b6 30. a4 Ne3 31. a5 Rd6 32. c4 Nc2 33. Ra4 Nd4
34. Bd5 bxa5 35. Kd2 Rb6 36. c5 Nb3+ 37. Kc3 Nxc5 38. Rxa5 Nd3 39. b3 Nf4 40.
Bf3 Ne6 41. Rd5 Kc7 42. Kc4 Bc2 43. Bd1 Rc6+ 44. Kb4 Nf4 45. Rd4 Nd3+ 46. Kb5
Bxd1 0-1

[Event "DVM U20w 2019"]
[Site "Braunschweig GER"]
[Date "2019.12.29"]
[Round "5"]
[White "La, Quynh Trang"]
[Black "Rempe, Mieke"]
[Result "0-1"]
[Termination "normal"]
[Board "8.2"]
[WhiteElo "1436"]
[BlackElo "1619"]
[WhiteTeam "SG Trier"]
[BlackTeam "SK Doppelbauer Kiel"]
[WhiteFideId "16275276"]
[BlackFideId "16202384"]
[EventCountry "GER"]
[EventRounds "7"]
[EventType "team-swiss"]
[EventDate "2019.12.26"]

1. d4 Nf6 2. c4 e6 3. Nf3 d5 4. g3 Nbd7 5. Bg2 Bb4+ 6. Bd2 Qe7 7. a3 Bxd2+ 8.
Nbxd2 O-O 9. O-O e5 10. cxd5 exd4 11. Nxd4 Qe5 12. Nc4 Qh5 13. Nb5 Ng4 14. h3
Ngf6 15. Nxc7 Nc5 16. e3 Qh6 17. Nxa8 Bxh3 18. Bxh3 Qxh3 19. Ne5 Re8 20. Nf3
Rxa8 21. Rc1 Nce4 22. Rc7 Nxg3 23. fxg3 Qxg3+ 24. Kh1 Qxc7 25. Rg1 Rd8 26. Qa4
Qe7 27. e4 g6 28. Re1 a6 29. Qd4 Ng4 30. Qg1 h5 31. Qg3 Qc5 32. Re2 Qc1+ 33.
Kg2 Rc8 34. Nd4 Qd1 35. Qf3 Qxd4 36. Qf4 Qd1 37. Rd2 Rc2 38. Rxc2 Qxc2+ 39. Kg3
Qh2+ 40. Kf3 0-1

[Event "DVM U20w 2019"]
[Site "Braunschweig GER"]
[Date "2019.12.29"]
[Round "5"]
[White "Birner, Lucy Jasmin"]
[Black "Elenz, Elisa"]
[Result "0-1"]
[Termination "normal"]
[Board "8.3"]
[WhiteElo "1611"]
[BlackElo "1456"]
[WhiteTeam "SK Doppelbauer Kiel"]
[BlackTeam "SG Trier"]
[WhiteFideId "16205910"]
[BlackFideId "16262492"]
[EventCountry "GER"]
[EventRounds "7"]
[EventType "team-swiss"]
[EventDate "2019.12.26"]

1. e4 e6 2. d4 d5 3. exd5 exd5 4. Bd3 Bd6 5. Nf3 Nf6 6. h3 Be6 7. Be3 Nbd7 8.
Nbd2 c6 9. O-O Qc7 10. Ng5 Nf8 11. Nxe6 Nxe6 12. c3 O-O-O 13. Nf3 h6 14. Re1 g5
15. Qd2 g4 16. hxg4 Nxg4 17. Bf5 h5 18. Bg5 Rde8 19. Kf1 Kb8 20. g3 Nxg5 21.
Nxg5 f6 22. Bxg4 hxg4 23. Nf7 Qxf7 24. Rxe8+ Rxe8 25. a3 Qh7 26. Kg1 Rh8 27.
Kf1 Qh1+ 28. Ke2 Qf3+ 29. Ke1 Re8+ 30. Qe3 Rxe3+ 31. fxe3 Qh1+ 0-1

[Event "DVM U20w 2019"]
[Site "Braunschweig GER"]
[Date "2019.12.29"]
[Round "5"]
[White "Schwalbach, Kathrin"]
[Black "Malinowsky, Celina"]
[Result "0-1"]
[Termination "normal"]
[Board "8.4"]
[WhiteElo "1137"]
[BlackElo "1293"]
[WhiteTeam "SG Trier"]
[BlackTeam "SK Doppelbauer Kiel"]
[WhiteFideId "16275284"]
[BlackFideId "16266986"]
[EventCountry "GER"]
[EventRounds "7"]
[EventType "team-swiss"]
[EventDate "2019.12.26"]

1. e4 e5 2. Nf3 Nc6 3. Bb5 a6 4. Ba4 Nf6 5. O-O Bc5 6. c3 b5 7. Bc2 d6 8. h3 h6
9. d4 exd4 10. cxd4 Ba7 11. Nc3 O-O 12. a4 b4 13. d5 Ne5 14. Nxe5 dxe5 15. Ne2
a5 16. Ng3 Rb8 17. Qf3 Qd6 18. Nh5 Nxh5 19. Qxh5 Qg6 20. Qxg6 fxg6 21. Bb3 Kh8
22. Be3 Ra8 23. Bxa7 Rxa7 24. Rad1 Ba6 25. Rfe1 Rd8 26. Rd2 c6 27. d6 Rad7 28.
Red1 c5 29. Be6 Ra7 30. d7 Rc7 31. Rc1 c4 32. b3 c3 33. Rd5 Rc6 34. Rxe5 Rd6
35. Bg4 h5 36. Re8+ Kh7 37. Rxd8 hxg4 38. hxg4 Rd2 39. Kh2 Be2 40. Rc2 Rxc2 41.
Rb8 Rd2 42. d8=Q Rxd8 43. Rxd8 Bxg4 44. Rd5 Be6 45. Rxa5 Bxb3 46. e5 c2 47. Rc5
Bxa4 48. e6 b3 49. e7 b2 50. Rxc2 b1=Q 51. Rc8 Qe4 0-1

[Event "DVM U20w 2019"]
[Site "Braunschweig GER"]
[Date "2019.12.29"]
[Round "6"]
[White "Müdder, Melanie"]
[Black "Miljkovic, Jovana"]
[Result "1/2-1/2"]
[Termination "normal"]
[Board "1.1"]
[BlackTitle "WFM"]
[WhiteElo "1902"]
[BlackElo "2021"]
[WhiteClock "00:02:21"]
[BlackClock "00:01:02"]
[WhiteTeam "Schachgesellschaft Solingen e. V."]
[BlackTeam "SV Lingen"]
[PlyCount "75"]
[WhiteFideId "12994103"]
[BlackFideId "958336"]
[EventCountry "GER"]
[EventRounds "7"]
[EventType "team-swiss"]
[EventDate "2019.12.26"]

1. e4 {[%clk 1:30:58]} c5 {[%clk 1:30:56]} 2. Nf3 {[%clk 1:31:23]} d6 {[%clk
1:31:22]} 3. d4 {[%clk 1:31:48]} cxd4 {[%clk 1:31:49]} 4. Nxd4 {[%clk 1:32:12]}
Nf6 {[%clk 1:32:17]} 5. Nc3 {[%clk 1:32:34]} a6 {[%clk 1:32:40]} 6. Nb3 {[%clk
1:32:52]} e6 {[%clk 1:32:07]} 7. g4 {[%clk 1:33:14]} Be7 {[%clk 1:30:46]} 8. g5
{[%clk 1:31:57]} Nfd7 {[%clk 1:31:05]} 9. f4 {[%clk 1:31:33]} Nc6 {[%clk
1:19:03]} 10. Bg2 {[%clk 1:28:10]} b5 {[%clk 1:12:42]} 11. a3 {[%clk 1:24:25]}
Qc7 {[%clk 1:09:16]} 12. O-O {[%clk 1:19:21]} Rb8 {[%clk 1:05:48]} 13. Qh5
{[%clk 1:06:50]} b4 {[%clk 1:01:13]} 14. axb4 {[%clk 1:02:30]} Nxb4 {[%clk
1:00:42]} 15. Nd4 {[%clk 0:54:16]} g6 {[%clk 0:58:40]} 16. Qf3 {[%clk 0:48:21]}
e5 {[%clk 0:55:54]} 17. Nde2 {[%clk 0:42:00]} exf4 {[%clk 0:54:40]} 18. Bxf4
{[%clk 0:40:14]} O-O {[%clk 0:54:31]} 19. Ra4 {[%clk 0:33:14]} Ne5 {[%clk
0:51:05]} 20. Qg3 {[%clk 0:28:06]} Be6 {[%clk 0:42:45]} 21. Nd4 {[%clk
0:25:00]} Bc4 {[%clk 0:42:57]} 22. Rd1 {[%clk 0:22:14]} Nbc6 {[%clk 0:29:34]}
23. b3 {[%clk 0:14:02]} Be6 {[%clk 0:20:08]} 24. Nxc6 {[%clk 0:09:29]} Qxc6
{[%clk 0:16:23]} 25. Bf1 {[%clk 0:07:47]} Rfc8 {[%clk 0:15:18]} 26. Bxe5 {[%clk
0:05:29]} dxe5 {[%clk 0:15:47]} 27. Bc4 {[%clk 0:05:17]} Bb4 {[%clk 0:08:02]}
28. Nd5 {[%clk 0:04:49]} Bxd5 {[%clk 0:07:45]} 29. exd5 {[%clk 0:04:21]} Qb6+
{[%clk 0:06:58]} 30. Kg2 {[%clk 0:04:37]} a5 {[%clk 0:06:49]} 31. Raa1 {[%clk
0:04:30]} Bd6 {[%clk 0:06:10]} 32. Rf1 {[%clk 0:04:28]} Rc7 {[%clk 0:05:39]}
33. Rf6 {[%clk 0:03:59]} Qb4 {[%clk 0:04:56]} 34. c3 {[%clk 0:02:52]} Qc5
{[%clk 0:04:56]} 35. Qf2 {[%clk 0:02:40]} Qxf2+ {[%clk 0:02:16]} 36. Rxf2
{[%clk 0:02:28]} Rc5 {[%clk 0:01:11]} 37. h4 {[%clk 0:02:25]} Kg7 {[%clk
0:01:02]} 38. Rf6 {[%clk 0:02:21]} 1/2-1/2

[Event "DVM U20w 2019"]
[Site "Braunschweig GER"]
[Date "2019.12.29"]
[Round "6"]
[White "Mönster, Madita"]
[Black "Bashylina, Luisa"]
[Result "0-1"]
[Termination "normal"]
[Board "1.2"]
[BlackTitle "WCM"]
[WhiteElo "1956"]
[BlackElo "1935"]
[WhiteTeam "SV Lingen"]
[BlackTeam "Schachgesellschaft Solingen e. V."]
[PlyCount "74"]
[WhiteFideId "12947156"]
[BlackFideId "12983292"]
[EventCountry "GER"]
[EventRounds "7"]
[EventType "team-swiss"]
[EventDate "2019.12.26"]

1. e4 c5 2. Nf3 a6 3. c4 Nc6 4. d4 cxd4 5. Nxd4 e5 6. Nc2 Nf6 7. Nc3 d6 8. Be2
Be7 9. O-O h6 10. Ne3 Be6 11. Bd3 O-O 12. Ncd5 Bxd5 13. cxd5 Nd4 14. Bd2 Nd7
15. Bc3 g6 16. Kh1 Bf6 17. Nc4 b5 18. Nd2 Nc5 19. Nf3 Nxf3 20. Qxf3 Rc8 21. Qe2
Kh7 22. Bc2 Qb6 23. Qe1 Nb7 24. Bd3 Nc5 25. Bc2 Nb7 26. Bd1 a5 27. a3 Bg5 28.
g3 Bf6 29. f4 b4 30. axb4 axb4 31. Bxb4 exf4 32. gxf4 Bxb2 33. Rb1 Bc3 34. Bxc3
Qxb1 35. Rf3 Nc5 36. Re3 Nd3 37. Qd2 Qxd1+ 0-1